Каталог пiдручникiв для шкiл профосвiти й полiтосвiти (Запись № 13556639)
[ простой вид ]
| 000 -МАРКЕР | |
|---|---|
| контрольное поле | 02325nam0a2200385 4500 |
| 001 - ИДЕНТИФИКАТОР ЗАПИСИ | |
| контрольное поле | RU\NLR\BIBL_A\022728267 |
| 005 - ИДЕНТИФИКАТОР ВЕРСИИ | |
| контрольное поле | 20260408233748.0 |
| 035 ## - ДРУГИЕ СИСТЕМНЫЕ НОМЕРА | |
| Идентификатор записи | (NLR Aleph) 022728267 |
| 100 ## - ДАННЫЕ ОБЩЕЙ ОБРАБОТКИ | |
| Данные общей обработки | 20260216d1927 u y0rusy50 ca |
| 101 0# - ЯЗЫК РЕСУРСА | |
| Язык текста, звукозаписи и т.д. | украинский |
| 102 ## - СТРАНА ПУБЛИКАЦИИ ИЛИ ПРОИЗВОДСТВА | |
| Страна публикации | Российская Федерация |
| 105 ## - ПОЛЕ КОДИРОВАННЫХ ДАННЫХ: ТЕКСТОВЫЕ МАТЕРИАЛЫ, МОНОГРАФИЧЕСКИЕ | |
| Кодированные данные о монографическом текстовом документе | y ba 000yy |
| 181 #0 - ПОЛЕ КОДИРОВАННЫХ ДАННЫХ: ВИД СОДЕРЖАНИЯ | |
| Код вида содержания (ISBD) | i |
| Код характеристики содержания (ISBD) | xxe |
| 182 #0 - ПОЛЕ КОДИРОВАННЫХ ДАННЫХ: ТИП СРЕДСТВА | |
| Код типа средства (ISBD) | n - непосредственное |
| 200 1# - ЗАГЛАВИЕ И СВЕДЕНИЯ ОБ ОТВЕТСТВЕННОСТИ | |
| Основное заглавие | Каталог пiдручникiв для шкiл профосвiти й полiтосвiти |
| Сведения, относящиеся к заглавию | пiдручники, якi рекомендував, ухвалив або дозволив до вжитку у вiдповiдних школах та органiзацiях держнаукметодком Наркомосвiти УСРР |
| Первые сведения об ответственности | [Державне видавництво Украïни, Харкiв] |
| 203 ## - ВИД СОДЕРЖАНИЯ И ТИП СРЕДСТВА | |
| Вид содержания | Текст |
| Дополнительные сведения об издании | визуальный |
| Тип средства | непосредственный |
| 210 ## - ПУБЛИКАЦИЯ, РАСПРОСТРАНЕНИЕ И ДР. | |
| Место издания, распространения и т.д. | Харкiв |
| Имя издателя, распространителя и т. д. | Державне вид-во Украïни |
| Дата издания, распространения и т.д. | 1927 |
| 215 ## - ФИЗИЧЕСКАЯ ХАРАКТЕРИСТИКА | |
| Специфическое обозначение материала и объем | 52 c. |
| Размеры | 22 |
| 300 ## - ОБЩИЕ ПРИМЕЧАНИЯ | |
| Текст примечания | Загл. обл.: Каталог Державного видавництва Украïни. Профосвiта ï полiтосвiта |
| 512 1# - ЗАГЛАВИЕ ОБЛОЖКИ | |
| Заглавие обложки | Каталог Державного видавництва Украïни. Профосвiта ï полiтосвiта |
| 541 1# - ПЕРЕВОД ЗАГЛАВИЯ, СДЕЛАННЫЙ КАТАЛОГИЗАТОРОМ | |
| Заглавие | Каталог учебников для школ профобразования - политообразования |
| Язык заглавия | русский |
| 541 1# - ПЕРЕВОД ЗАГЛАВИЯ, СДЕЛАННЫЙ КАТАЛОГИЗАТОРОМ | |
| Заглавие | Каталог Государственного издательства Украины. Профмира и политпросвета |
| Язык заглавия | русский |
| 606 ## - НАИМЕНОВАНИЕ ТЕМЫ КАК ПРЕДМЕТ | |
| Наименование темы | Профессиональное образование |
| Формальный подзаголовок | Библиография аннотированная |
| Географический подзаголовок | УССР |
| Системный номер авторитетной/нормативной записи | 2699574 |
| Идентификатор авторитетной/нормативной записи | RU\NLR\AUTH\6601767150 |
| 606 ## - НАИМЕНОВАНИЕ ТЕМЫ КАК ПРЕДМЕТ | |
| Наименование темы | Культурно-просветительная работа |
| Формальный подзаголовок | Библиография аннотированная |
| Географический подзаголовок | УССР |
| Системный номер авторитетной/нормативной записи | 2699575 |
| Идентификатор авторитетной/нормативной записи | RU\NLR\AUTH\6601767151 |
| 686 3# - ИНДЕКСЫ ДРУГИХ КЛАССИФИКАЦИЙ | |
| Индекс | Ч714(2Ук)я18 |
| 686 3# - ИНДЕКСЫ ДРУГИХ КЛАССИФИКАЦИЙ | |
| Индекс | Ч454(2Ук)я18 |
| 710 02 - НАИМЕНОВАНИЕ ОРГАНИЗАЦИИ - ПЕРВИЧНАЯ ОТВЕТСТВЕННОСТЬ | |
| Графика поля | Кириллица |
| Материалы, к которым относится поле | ukr |
| Начальный элемент ввода | Державне видавництво Украïни |
| Идентифицирующий признак | Харкiв |
| Системный номер авторитетной/нормативной записи | 874760 |
| Идентификатор авторитетной/нормативной записи | RU\NLR\AUTH\880602909 |
| 852 ## - МЕСТОНАХОЖДЕНИЕ И ШИФР ХРАНЕНИЯ | |
| Идентификатор организации | NLR |
| Шифр хранения (Call Number) | 671Укр/Д-36 |
| 942 ## - ДОПОЛНИТЕЛЬНЫЕ ЭЛЕМЕНТЫ ЗАПИСИ (АБИС) | |
| Тип экземпляра АБИС | Неопределено |
| 980 ## - КОЛЛЕКЦИЯ | |
| Название коллекции | Национальная библиография |
Нет доступных экземпляров.